[Event "Morbihan Ch0708"]
[Site "Morbihan"]
[Date "2008.03.08"]
[Round "6.4"]
[White "Jolivel, Dominique"]
[Black "Duplessy, Franck"]
[Result "1/2-1/2"]
[WhiteElo "1900"]
[BlackElo "2039"]
[PlyCount "96"]
[EventDate "2008.??.??"]
[EventType "swiss"]
[EventRounds "7"]
[EventCountry "FRA"]

1. Nf3 d5 2. d4 Nc6 3. c3 Nf6 4. Nbd2 Qd6 5. g3 e5 6. dxe5 Nxe5 7. Nxe5 Qxe5 8.
Nf3 Qh5 9. h4 Bd6 10. Bg2 O-O 11. Ng5 Bd7 12. Bf3 Bg4 13. e3 h6 14. Bxg4 Nxg4
15. Nh3 Qf5 16. Qe2 Rfe8 17. Bd2 Ne5 18. Nf4 Nc4 19. O-O-O Bxf4 20. gxf4 Qxf4
21. Rdg1 Qf5 22. Rg3 Ne5 23. e4 dxe4 24. Bxh6 Nd3+ 25. Kc2 g6 26. Be3 Nf4 27.
Bxf4 Qxf4 28. h5 Re6 29. hxg6 fxg6 30. Rgh3 Rae8 31. a3 a6 32. Rg1 Qf5 33. Qe3
Rf8 34. Rg2 Rd6 35. Rgh2 Rfd8 36. Rh8+ Kf7 37. Rxd8 Rxd8 38. Rh7+ Ke6 39. Rxc7
Qg4 40. Kb1 Qd1+ 41. Ka2 Qd5+ 42. Ka1 Qd3 43. Qb6+ Rd6 44. Qxb7 Qd1+ 45. Ka2
Qd5+ 46. Qb3 Qxb3+ 47. Kxb3 Rb6+ 48. Kc2 Kf5 1/2-1/2

[Event "Morbihan Ch0708"]
[Site "Morbihan"]
[Date "2008.03.08"]
[Round "6.5"]
[White "Lages, Michel"]
[Black "Le Garrec, Maxime"]
[Result "1-0"]
[WhiteElo "2010"]
[BlackElo "1764"]
[PlyCount "139"]
[EventDate "2008.??.??"]
[EventType "swiss"]
[EventRounds "7"]
[EventCountry "FRA"]

1. c4 Nf6 2. Nc3 g6 3. b3 Bg7 4. Bb2 e5 5. g3 O-O 6. Bg2 d6 7. Nf3 Nbd7 8. O-O
c6 9. d4 e4 10. Ne1 d5 11. Nc2 Re8 12. Ne3 Nb6 13. c5 Nbd7 14. b4 Nf8 15. b5
Ng4 16. Nxg4 Bxg4 17. h3 Bd7 18. a4 Ne6 19. e3 Ng5 20. h4 Ne6 21. Qe2 Qc8 22.
a5 Nc7 23. b6 Na6 24. bxa7 Rxa7 25. Na4 Bh3 26. Nb6 Qe6 27. Bc3 Bxg2 28. Kxg2
Nxc5 29. h5 Nd7 30. Na4 Rea8 31. hxg6 fxg6 32. Qd2 Qg4 33. Nb6 Qf3+ 34. Kg1
Nxb6 35. axb6 Rxa1 36. Rxa1 Qf8 37. Qb2 Bf6 38. Ra7 Be7 39. Rxb7 Qf3 40. Rxe7
Qd1+ 41. Kg2 Qf3+ 42. Kf1 Qh1+ 43. Ke2 Qf3+ 44. Ke1 Rf8 45. Qe2 Qh1+ 46. Qf1
Qf3 47. b7 Qf6 48. Rc7 Qf5 49. Rxc6 Qd7 50. Qb5 Qf5 51. Qe2 Qd7 52. Rc8 Qxb7
53. Rxf8+ Kxf8 54. Qb2 Qf7 55. Qb8+ Kg7 56. Qe5+ Kg8 57. g4 Qd7 58. g5 Qc6 59.
Bd2 Qd7 60. Qb8+ Kf7 61. Bb4 Ke6 62. Qf8 Qf7 63. Qd6+ Kf5 64. Qf4+ Ke6 65.
Qxf7+ Kxf7 66. Kf1 Ke6 67. Ba5 Kf5 68. Bd8 Kg4 69. Kg2 Kh4 70. f3 1-0

[Event "Morbihan Ch0708"]
[Site "Morbihan"]
[Date "2008.03.08"]
[Round "6.6"]
[White "Meysson, Jean Marc"]
[Black "Rivalin, Patrick"]
[Result "1/2-1/2"]
[WhiteElo "1958"]
[BlackElo "1580"]
[PlyCount "49"]
[EventDate "2008.??.??"]
[EventType "swiss"]
[EventRounds "7"]
[EventCountry "FRA"]

1. c4 e5 2. Nc3 Nf6 3. Nf3 Nc6 4. g3 d5 5. cxd5 Nxd5 6. Bg2 Nb6 7. d3 Be7 8. a3
a5 9. Be3 O-O 10. O-O Be6 11. Rb1 Qd7 12. Ne4 Bh3 13. Nc5 Bxc5 14. Bxc5 Bxg2
15. Kxg2 Rfe8 16. Qc2 Nd4 17. Nxd4 exd4 18. Bxb6 cxb6 19. Rbc1 Rac8 20. Qd2 Rc6
21. Rc2 Rh6 22. h4 Rxh4 23. gxh4 Qg4+ 24. Kh2 Qxh4+ 25. Kg2 1/2-1/2

[Event "Morbihan Ch0708"]
[Site "Morbihan"]
[Date "2008.03.08"]
[Round "6.7"]
[White "Le Talbodec, Emmanuel"]
[Black "Cheneau, Lionel"]
[Result "1-0"]
[WhiteElo "1947"]
[BlackElo "1499"]
[PlyCount "58"]
[EventDate "2008.??.??"]
[EventType "swiss"]
[EventRounds "7"]
[EventCountry "FRA"]

1. d4 d5 2. c4 Nf6 3. cxd5 Nxd5 4. Nf3 g6 5. g3 Bg7 6. Bg2 f6 7. O-O Nc6 8. Qb3
Na5 9. Qa4+ c6 10. e4 Nb6 11. Qxa5 Be6 12. Nc3 Bc4 13. Rd1 Qc8 14. Qc5 O-O 15.
a4 Qe6 16. d5 cxd5 17. exd5 Rac8 18. Qa5 Qd7 19. Qxa7 Na8 20. Be3 Bb3 21. Rd2
f5 22. Bd4 Nc7 23. Bxg7 Kxg7 24. Qxb7 Rb8 25. Qc6 Qc8 26. Re1 Rf7 27. Ng5 Rf6
28. Rxe7+ Kh8 29. Qxf6+ Kg8 1-0

[Event "Morbihan Ch0708"]
[Site "Morbihan"]
[Date "2008.03.08"]
[Round "6.8"]
[White "Berthelot, Eric"]
[Black "Le Coz, Yannick"]
[Result "0-1"]
[WhiteElo "1480"]
[BlackElo "1709"]
[PlyCount "64"]
[EventDate "2008.??.??"]
[EventType "swiss"]
[EventRounds "7"]
[EventCountry "FRA"]

1. d4 d5 2. c4 c6 3. Nc3 dxc4 4. e4 b5 5. a4 Qb6 6. Nf3 Nf6 7. axb5 cxb5 8. Qc2
Bg4 9. Be2 e6 10. Be3 Nbd7 11. b3 Bxf3 12. Bxf3 Rc8 13. d5 Bc5 14. Bxc5 Qxc5
15. b4 Qb6 16. dxe6 fxe6 17. O-O Ne5 18. Ra5 Nxf3+ 19. gxf3 a6 20. Rfa1 Qd6 21.
Rxa6 Qe5 22. Ne2 O-O 23. Rd1 Rcd8 24. Rc1 Rd3 25. Kg2 Nh5 26. Ng3 Nf4+ 27. Kh1
Rxf3 28. Rf1 Nd3 29. Kg2 Nxb4 30. Rxe6 Qxe6 31. Qb2 Nd3 32. Qxb5 Rxf2+ 0-1

[Event "Morbihan Ch0708"]
[Site "Morbihan"]
[Date "2008.03.08"]
[Round "6.9"]
[White "Le Corre, Patrick"]
[Black "Hocher, Eugene"]
[Result "1-0"]
[WhiteElo "1979"]
[BlackElo "1799"]
[PlyCount "53"]
[EventDate "2008.??.??"]
[EventType "swiss"]
[EventRounds "7"]
[EventCountry "FRA"]

1. e4 c5 2. f4 d5 3. exd5 Qxd5 4. Nc3 Qe6+ 5. Be2 a6 6. Nf3 Nf6 7. Ne5 b5 8.
Bf3 Ra7 9. O-O Qb6 10. d3 e6 11. Be3 a5 12. a4 Ba6 13. Qe2 b4 14. Ne4 Nd5 15.
f5 Nxe3 16. Qxe3 Bc8 17. f6 g6 18. Rad1 Qc7 19. d4 Na6 20. Kh1 h5 21. Ng5 cxd4
22. Qxd4 Bc5 23. Bc6+ Bd7 24. Qxd7+ Qxd7 25. Rxd7 Rxd7 26. Nxd7 Bd4 27. Nb8+
1-0

[Event "Morbihan Ch0708"]
[Site "Morbihan"]
[Date "2008.03.08"]
[Round "6.10"]
[White "Audren, Jean"]
[Black "Salaun, Michel"]
[Result "0-1"]
[WhiteElo "1390"]
[BlackElo "2051"]
[PlyCount "68"]
[EventDate "2008.??.??"]
[EventType "swiss"]
[EventRounds "7"]
[EventCountry "FRA"]

1. e4 Nc6 2. Nf3 Nf6 3. Nc3 e5 4. a3 Bc5 5. Bc4 O-O 6. O-O d6 7. b4 Bb6 8. Qe1
Bg4 9. Be2 Re8 10. Rb1 Qd7 11. d3 d5 12. Bg5 dxe4 13. dxe4 Bxf3 14. Bxf6 Bxe2
15. Qxe2 gxf6 16. Rbd1 Nd4 17. Qd3 Qg4 18. h3 Qg6 19. Nd5 Rad8 20. Kh1 c6 21.
Nxb6 axb6 22. f4 Ne6 23. f5 Rxd3 24. fxg6 Rxd1 25. gxf7+ Kxf7 26. Rxd1 Rd8 27.
Re1 Rd2 28. c4 Nf4 29. b5 Nxg2 30. Ra1 Nh4 31. Rf1 Ra2 32. bxc6 bxc6 33. Rd1
Nf3 34. Rd7+ Ke6 0-1

[Event "Morbihan Ch0708"]
[Site "Morbihan"]
[Date "2008.03.08"]
[Round "6.12"]
[White "Gallois, Jerome"]
[Black "Guillemoto, Denis"]
[Result "1-0"]
[WhiteElo "1940"]
[BlackElo "1520"]
[PlyCount "48"]
[EventDate "2008.??.??"]
[EventType "swiss"]
[EventRounds "7"]
[EventCountry "FRA"]

1. Nc3 e5 2. e4 Nf6 3. f4 Nc6 4. fxe5 Nxe5 5. d4 Ng6 6. e5 Ng8 7. Nf3 d6 8. Bc4
Bg4 9. O-O dxe5 10. Bxf7+ Kd7 11. Bxg6 Kc8 12. Bf7 Qxd4+ 13. Nxd4 Bxd1 14. Be6+
Kd8 15. Rxf8+ Ke7 16. Rxa8 exd4 17. Bxg8 Bxc2 18. Bg5+ Kd6 19. Rc1 d3 20. Nb5+
Kc5 21. Na3 Kb6 22. Nxc2 h6 23. Be3+ Ka5 24. b4+ Kb5 1-0

[Event "Morbihan Ch0708"]
[Site "Morbihan"]
[Date "2008.03.08"]
[Round "6.13"]
[White "Purenne, Benoit"]
[Black "Deslias, Alain"]
[Result "1-0"]
[WhiteElo "1879"]
[BlackElo "1360"]
[PlyCount "52"]
[EventDate "2008.??.??"]
[EventType "swiss"]
[EventRounds "7"]
[EventCountry "FRA"]

1. e4 e5 2. Nf3 Nc6 3. Bb5 d6 4. O-O Nf6 5. d4 Bd7 6. d5 Ne7 7. Bxd7+ Qxd7 8.
Re1 O-O-O 9. c4 h6 10. Nc3 a6 11. b4 g5 12. a4 g4 13. Nd2 Ng6 14. Nb3 Nf4 15.
b5 Nh3+ 16. gxh3 gxh3 17. bxa6 bxa6 18. Rb1 Rg8+ 19. Kh1 Ng4 20. Be3 f5 21. Na5
Qg7 22. Rg1 Nxf2+ 23. Bxf2 Qf7 24. Rxg8 Qxg8 25. Qf3 f4 26. Qxh3+ Rd7 1-0

[Event "Morbihan Ch0708"]
[Site "Morbihan"]
[Date "2008.03.08"]
[Round "6.14"]
[White "Georget, Patrice"]
[Black "Loizil, Joel"]
[Result "1/2-1/2"]
[WhiteElo "1650"]
[BlackElo "1880"]
[PlyCount "62"]
[EventDate "2008.??.??"]
[EventType "swiss"]
[EventRounds "7"]
[EventCountry "FRA"]

1. d4 e6 2. c4 Nf6 3. Nc3 b6 4. e4 d6 5. Bd3 Bb7 6. Nge2 Nbd7 7. O-O Be7 8. f3
O-O 9. Qc2 e5 10. d5 Nc5 11. Ng3 Nxd3 12. Qxd3 Bc8 13. f4 Ne8 14. f5 Bg5 15.
Qf3 Bd7 16. Kh1 Bxc1 17. Raxc1 Qg5 18. Nh5 Nf6 19. Nxf6+ Qxf6 20. Qh5 h6 21.
Rf3 Qg5 22. Qxg5 hxg5 23. Nb5 Rfc8 24. Nc3 f6 25. Ne2 Kf7 26. Rh3 Rh8 27. Rcc3
g6 28. g4 gxf5 29. gxf5 a5 30. Kg2 Kg7 31. Rxh8 Rxh8 1/2-1/2

[Event "Morbihan Ch0708"]
[Site "Morbihan"]
[Date "2008.03.29"]
[Round "7.1"]
[White "Barre, Yann"]
[Black "Ababou, Alexandre"]
[Result "1/2-1/2"]
[WhiteElo "1943"]
[BlackElo "1910"]
[PlyCount "23"]
[EventDate "2008.??.??"]
[EventType "swiss"]
[EventRounds "7"]
[EventCountry "FRA"]

1. d4 d5 2. c4 e6 3. Nc3 c6 4. cxd5 exd5 5. Nf3 Bf5 6. e3 Nf6 7. Bd3 Ne4 8.
Bxe4 dxe4 9. Nd2 Bb4 10. O-O Qe7 11. f3 exf3 12. Qxf3 {(=)} 1/2-1/2

[Event "Morbihan Ch0708"]
[Site "Morbihan"]
[Date "2008.03.29"]
[Round "7.2"]
[White "Duplessy, Franck"]
[Black "Stephan, Victor"]
[Result "0-1"]
[WhiteElo "2039"]
[BlackElo "2094"]
[PlyCount "66"]
[EventDate "2008.??.??"]
[EventType "swiss"]
[EventRounds "7"]
[EventCountry "FRA"]

1. c4 Nf6 2. Nc3 g6 3. e4 d6 4. d4 Bg7 5. Be2 O-O 6. h4 c5 7. d5 e6 8. h5 exd5
9. exd5 Re8 10. hxg6 fxg6 11. Bg5 Nbd7 12. Qd2 Ne5 13. O-O-O a6 14. Qf4 Nf7 15.
Bd3 Nxg5 16. Qxg5 Re5 17. Qg3 Nh5 18. Qh2 b5 19. Nf3 Re7 20. Nh4 Rb7 21. Rde1
bxc4 22. Bxc4 Rab8 23. Bxa6 Rxb2 24. Bxc8 Bh6+ 25. Re3 Qxc8 26. Qxd6 Rxf2 27.
Rhe1 Rbb2 28. Qe6+ Qxe6 29. dxe6 Nf4 30. Nf3 Nxe6 31. Kd1 Bxe3 32. Rxe3 Nd4 33.
Rd3 Nxf3 0-1

[Event "Morbihan Ch0708"]
[Site "Morbihan"]
[Date "2008.03.29"]
[Round "7.3"]
[White "Le Coz, Yannick"]
[Black "Lages, Michel"]
[Result "0-1"]
[WhiteElo "1706"]
[BlackElo "2010"]
[PlyCount "50"]
[EventDate "2008.??.??"]
[EventType "swiss"]
[EventRounds "7"]
[EventCountry "FRA"]

1. e4 c5 2. Nf3 e6 3. d4 cxd4 4. Nxd4 Nf6 5. Qd3 Nc6 6. c4 Nb4 7. Qe2 Bc5 8. a3
Bxd4 9. axb4 O-O 10. Be3 Qb6 11. Bxd4 Qxd4 12. Nc3 d5 13. Rd1 Qb6 14. e5 Nd7
15. Na2 dxc4 16. Rd6 Qb5 17. f4 Nb6 18. b3 Bd7 19. bxc4 Qa4 20. c5 Nd5 21. Qd2
Bc6 22. Bc4 a5 23. O-O Nxb4 24. Nc3 Qc2 25. Qe1 Qxg2# 0-1

[Event "Morbihan Ch0708"]
[Site "Morbihan"]
[Date "2008.03.29"]
[Round "7.4"]
[White "Payet, Quentin"]
[Black "Le Corre, Patrick"]
[Result "1-0"]
[WhiteElo "1550"]
[BlackElo "1979"]
[PlyCount "119"]
[EventDate "2008.??.??"]
[EventType "swiss"]
[EventRounds "7"]
[EventCountry "FRA"]

1. e4 c5 2. Nf3 e6 3. d4 cxd4 4. Nxd4 a6 5. Nc3 Qc7 6. Bd3 Nf6 7. O-O Bc5 8.
Nf3 Nc6 9. Re1 b5 10. h3 d6 11. Bf4 Bb7 12. Qd2 Ne7 13. e5 Nfd5 14. exd6 Bxd6
15. Bxb5+ Kf8 16. Bxd6 Qxd6 17. Bc4 Rd8 18. Bxd5 Nxd5 19. Nxd5 Bxd5 20. Red1
Rc8 21. Rac1 Qe7 22. c4 Bb7 23. Qd7 f6 24. Rd6 e5 25. c5 Kf7 26. Qxe7+ Kxe7 27.
b4 Bc6 28. Nd2 Rc7 29. Nc4 Rb8 30. Nb6 Rxb6 31. cxb6 Kxd6 32. bxc7 Kxc7 33. Kf1
Kb6 34. g3 Be4 35. Ke2 Kb5 36. a3 Ka4 37. Rc3 a5 38. bxa5 Kxa5 39. Kd2 Kb5 40.
Kc1 Bg2 41. h4 g5 42. hxg5 fxg5 43. Re3 e4 44. Kc2 h5 45. Rb3+ Ka5 46. Rb8 h4
47. gxh4 gxh4 48. Rh8 h3 49. Rh4 Ka4 50. Kb2 Kb5 51. Kb3 Ka5 52. a4 Bf3 53. Ka3
Bd1 54. Rxe4 h2 55. Rh4 h1=Q 56. Rxh1 Bxa4 57. Rh5+ Bb5 58. f4 Kb6 59. Kb4 Be2
60. Rc5 1-0

[Event "Morbihan Ch0708"]
[Site "Morbihan"]
[Date "2008.03.29"]
[Round "7.5"]
[White "Forlot, Francois"]
[Black "Le Talbodec, Emmanuel"]
[Result "0-1"]
[WhiteElo "1888"]
[BlackElo "1933"]
[PlyCount "68"]
[EventDate "2008.??.??"]
[EventType "swiss"]
[EventRounds "7"]
[EventCountry "FRA"]

1. e4 c5 2. Nf3 g6 3. d4 cxd4 4. Nxd4 Bg7 5. Be3 Nc6 6. Nc3 d6 7. Qd2 Nf6 8.
O-O-O Qa5 9. Nb3 Qd8 10. Be2 Be6 11. Nd4 Nxd4 12. Bxd4 O-O 13. h4 Qa5 14. h5
Bxa2 15. Qe3 Be6 16. Kb1 a6 17. Bxf6 Bxf6 18. Nd5 Bxd5 19. Rxd5 Qb4 20. c3 Qa4
21. hxg6 fxg6 22. Bg4 h5 23. Be6+ Kg7 24. g4 h4 25. g5 Be5 26. Rxh4 Rh8 27. Rh6
Rxh6 28. gxh6+ Kh7 29. f4 Rf8 30. f5 gxf5 31. Bxf5+ Kh8 32. h7 Qc4 33. Qg1 e6
34. Bxe6 Rf1+ 0-1

[Event "Morbihan Ch0708"]
[Site "Morbihan"]
[Date "2008.03.29"]
[Round "7.7"]
[White "Rivalin, Patrick"]
[Black "Salaun, Michel"]
[Result "0-1"]
[WhiteElo "1620"]
[BlackElo "2051"]
[PlyCount "106"]
[EventDate "2008.??.??"]
[EventType "swiss"]
[EventRounds "7"]
[EventCountry "FRA"]

1. d4 c5 2. c3 d5 3. e3 Nc6 4. Nf3 a6 5. b3 Bg4 6. Ba3 e5 7. Be2 Nf6 8. Nxe5
Bxe2 9. Nxc6 bxc6 10. Qxe2 Ne4 11. O-O Be7 12. f3 Nf6 13. Bxc5 Bxc5 14. dxc5
Qe7 15. b4 a5 16. a3 O-O 17. Nd2 Rfe8 18. Rfe1 Nh5 19. Qf2 Qe5 20. Qh4 Qxc3 21.
Qd4 axb4 22. axb4 Rxa1 23. Rxa1 Qxd4 24. exd4 Nf4 25. b5 cxb5 26. c6 Ne2+ 27.
Kf1 Nxd4 28. Rc1 Kf8 29. Rc5 b4 30. c7 Rc8 31. Rxd5 Ne6 32. Rb5 Rxc7 33. Rxb4
Rc2 34. Ke2 Ke7 35. Rc4 Ra2 36. g3 Kf6 37. Ke3 Ke5 38. Rc3 Ra1 39. Nc4+ Kf6 40.
Nd6 Re1+ 41. Kf2 Rd1 42. Ne4+ Ke5 43. Re3 Kf5 44. h3 g5 45. g4+ Kg6 46. Ng3 Nf4
47. h4 gxh4 48. Nf5 Kg5 49. Re4 Rd2+ 50. Kf1 h3 51. Ng3 h2 52. Re5+ Kh4 53. Ne2
h1=Q+ 0-1

[Event "Morbihan Ch0708"]
[Site "Morbihan"]
[Date "2008.03.29"]
[Round "7.8"]
[White "Josse, Emmanuelle"]
[Black "Meysson, Jean Marc"]
[Result "1/2-1/2"]
[WhiteElo "1410"]
[BlackElo "1958"]
[PlyCount "30"]
[EventDate "2008.??.??"]
[EventType "swiss"]
[EventRounds "7"]
[EventCountry "FRA"]

1. d4 Nf6 2. Nf3 g6 3. Bf4 c5 4. e3 cxd4 5. exd4 Bg7 6. Bd3 Qb6 7. b3 Nc6 8. c3
O-O 9. O-O d6 10. Nbd2 Nd5 11. Nc4 Qc7 12. Bd2 e5 13. Ne3 Nf4 14. Bb5 exd4 15.
cxd4 a6 {(=)} 1/2-1/2

[Event "Morbihan Ch0708"]
[Site "Morbihan"]
[Date "2008.03.29"]
[Round "7.10"]
[White "Le Garrec, Maxime"]
[Black "Purenne, Benoit"]
[Result "1/2-1/2"]
[WhiteElo "1764"]
[BlackElo "1879"]
[PlyCount "73"]
[EventDate "2008.??.??"]
[EventType "swiss"]
[EventRounds "7"]
[EventCountry "FRA"]

1. e4 c5 2. Nf3 e6 3. d4 cxd4 4. Nxd4 a6 5. Nc3 Qc7 6. Bd3 Nc6 7. Nf3 Nf6 8.
Be3 Bd6 9. h3 O-O 10. Qd2 Bb4 11. a3 Qa5 12. O-O Bxc3 13. Qxc3 Qxc3 14. bxc3 d6
15. Bb6 e5 16. Rfe1 Be6 17. Ng5 Rac8 18. Nxe6 fxe6 19. Rab1 Rf7 20. Rb3 d5 21.
f3 Nd7 22. Reb1 Nxb6 23. Rxb6 Rcc7 24. Kf2 Rfe7 25. Ke3 d4+ 26. cxd4 Nxd4 27.
Kd2 Red7 28. R1b2 Kf7 29. Ke3 Kf6 30. f4 Rc3 31. fxe5+ Kxe5 32. Kd2 Rxa3 33.
Rxb7 Rd6 34. Rxg7 Nxc2 35. Rg5+ Kf4 36. Rg4+ Ke5 37. Rg5+ 1/2-1/2

[Event "Morbihan Ch0708"]
[Site "Morbihan"]
[Date "2008.03.29"]
[Round "7.11"]
[White "Cheneau, Lionel"]
[Black "Deslias, Gregoire"]
[Result "0-1"]
[WhiteElo "1499"]
[BlackElo "1730"]
[PlyCount "108"]
[EventDate "2008.??.??"]
[EventType "swiss"]
[EventRounds "7"]
[EventCountry "FRA"]

1. e4 e5 2. Nf3 Nc6 3. Bb5 a6 4. Bxc6 dxc6 5. Nxe5 Qd4 6. Nf3 Qxe4+ 7. Kf1 Be6
8. d3 Qg6 9. Bg5 Nf6 10. Nbd2 O-O-O 11. Ne4 Be7 12. Nh4 Bg4 13. Nxg6 Bxd1 14.
Nxh8 Bxc2 15. Nxf7 Bxd3+ 16. Kg1 Rf8 17. Ne5 Bxe4 18. Rc1 Bd5 19. b3 Bd6 20. f4
Ne4 21. Kf1 Nxg5 22. Rg1 Bxe5 23. Re1 Rxf4+ 24. Ke2 Re4+ 25. Kf1 Rxe1+ 26. Kxe1
Bf6 27. Rf1 Bxg2 28. Rf2 Bd5 29. Re2 Kd7 30. Kf1 a5 31. Ke1 Kd6 32. Kd1 Bf3 33.
Ke1 Bxe2 34. Kxe2 Kc5 35. Kd3 Kb4 36. h4 Ne6 37. h5 Nf4+ 38. Kc2 Nxh5 39. Kb1
Nf4 40. Kc2 Nd5 41. Kd3 h5 42. Ke2 h4 43. Kf1 h3 44. Kg1 Be5 45. Kh1 Kc3 46.
Kg1 g5 47. Kh1 g4 48. Kg1 g3 49. Kh1 Ne7 50. Kg1 Ng6 51. Kf1 Nf4 52. Ke1 Kd3
53. a4 h2 54. Kf1 h1=R# 0-1

[Event "Morbihan Ch0708"]
[Site "Morbihan"]
[Date "2008.03.29"]
[Round "7.12"]
[White "Loizil, Joel"]
[Black "Pouliquen, Alain"]
[Result "1/2-1/2"]
[WhiteElo "1880"]
[BlackElo "1726"]
[PlyCount "92"]
[EventDate "2008.??.??"]
[EventType "swiss"]
[EventRounds "7"]
[EventCountry "FRA"]

1. e4 d5 2. exd5 Nf6 3. d4 Nxd5 4. Nf3 Bg4 5. Be2 e6 6. O-O Bd6 7. Bg5 Nf6 8.
c4 O-O 9. Nc3 c6 10. a3 Nbd7 11. b4 Qc7 12. h3 Bh5 13. Qd2 Rfe8 14. Rfd1 Rac8
15. c5 Bf8 16. Bf4 Qd8 17. Ne5 Bxe2 18. Qxe2 Nd5 19. Qd2 Nxc3 20. Qxc3 Nf6 21.
Qd3 Nd5 22. Bg3 Be7 23. Nc4 Rf8 24. Bd6 Re8 25. Bxe7 Rxe7 26. Nd6 Rb8 27. Qg3
Nf6 28. a4 Ne8 29. Nxe8 Qxe8 30. Ra3 Rd8 31. Rad3 Red7 32. Kh2 Qe7 33. f4 Qf6
34. Qe3 Rd5 35. g3 h6 36. g4 g5 37. Kg3 Qg6 38. Kf3 h5 39. fxg5 hxg4+ 40. hxg4
Rxg5 41. Qf4 e5 42. Qe4 f5 43. gxf5 Qh5+ 44. Ke3 Qh2 45. Rf1 Rg2 46. Rf2 Qg1
1/2-1/2

[Event "Morbihan Ch0708"]
[Site "Morbihan"]
[Date "2008.03.29"]
[Round "7.13"]
[White "Hocher, Eugene"]
[Black "Roussel, Bernard"]
[Result "1-0"]
[WhiteElo "1799"]
[BlackElo "1520"]
[PlyCount "83"]
[EventDate "2008.??.??"]
[EventType "swiss"]
[EventRounds "7"]
[EventCountry "FRA"]

1. d4 Nf6 2. c4 g6 3. Nc3 d5 4. e3 Bg7 5. Nf3 Nc6 6. Be2 O-O 7. O-O Re8 8. a3
Bf5 9. b4 e5 10. Qb3 exd4 11. exd4 Ne4 12. Be3 Nxc3 13. Qxc3 Be6 14. Rfd1 Ne7
15. Bf4 Nf5 16. Be5 f6 17. Bf4 c6 18. Bf1 g5 19. Bc1 g4 20. Ne1 h5 21. Bf4 Nd6
22. c5 Ne4 23. Qc1 Kf7 24. Nd3 Rh8 25. a4 h4 26. b5 Qd7 27. Rb1 g3 28. h3 gxf2+
29. Nxf2 Ng3 30. Qb2 Rab8 31. Bxb8 Rxb8 32. a5 b6 33. bxc6 Qxc6 34. Bb5 Qc7 35.
axb6 axb6 36. c6 Bh6 37. Qb3 Bf4 38. Qf3 Rg8 39. Ra1 Rg5 40. Qa3 Ne2+ 41. Bxe2
Bxh3 42. Qxh3 1-0

[Event "Morbihan Ch0708"]
[Site "Morbihan"]
[Date "2008.03.29"]
[Round "7.14"]
[White "Sellin, Alain"]
[Black "Marechal, Daniel"]
[Result "1-0"]
[WhiteElo "1720"]
[BlackElo "1560"]
[PlyCount "109"]
[EventDate "2008.??.??"]
[EventType "swiss"]
[EventRounds "7"]
[EventCountry "FRA"]

1. e4 e5 2. Nf3 Nc6 3. Bb5 a6 4. Bc4 Nf6 5. O-O Be7 6. d3 d6 7. h3 Na5 8. Nbd2
Nxc4 9. Nxc4 b5 10. Ne3 Bb7 11. Nf5 Bf8 12. Bg5 h6 13. Bd2 Bc8 14. Re1 Bxf5 15.
exf5 Be7 16. d4 e4 17. Nh2 d5 18. Ng4 Nxg4 19. Qxg4 Bg5 20. Bb4 h5 21. Qg3 Bf6
22. Bc5 Rc8 23. f3 Bh4 24. Qe5+ Be7 25. fxe4 Kf8 26. exd5 Bxc5 27. dxc5 Rh6 28.
Re3 Qg5 29. Rg3 Qf6 30. Re1 Qxe5 31. Rxe5 Rd8 32. Rd3 f6 33. Re6 Ra8 34. d6
cxd6 35. cxd6 g5 36. d7 Rd8 37. Rxa6 Kf7 38. Re6 Rhh8 39. b3 h4 40. c4 Rhg8 41.
c5 g4 42. c6 gxh3 43. Rxh3 Rg5 44. Rf3 Rxf5 45. Rxf5 Kxe6 46. Rc5 Kd6 47. Rc2
Kc7 48. a4 bxa4 49. bxa4 Ra8 50. Rc4 Rh8 51. Rd4 Rd8 52. Rc4 Ra8 53. Rc5 Kd6
54. Rd5+ Kxd5 55. c7 1-0

[Event "FRA T0708W"]
[Site "France "]
[Date "2008.??.??"]
[Round "1.1"]
[White "Bernard, Aline"]
[Black "Jolly, Marie"]
[Result "1/2-1/2"]
[WhiteElo "1850"]
[BlackElo "1723"]
[PlyCount "95"]
[EventDate "2008.??.??"]
[EventType "team-swiss"]
[EventRounds "3"]
[EventCountry "FRA"]

1. e4 e6 2. d4 d5 3. exd5 exd5 4. Nc3 c6 5. Bd3 Bd6 6. Nf3 Ne7 7. Bd2 O-O 8.
O-O Bf5 9. Qe2 Re8 10. Bxf5 Nxf5 11. Qd3 Ne7 12. Ng5 Ng6 13. Rfe1 Nd7 14. Rxe8+
Qxe8 15. Re1 Qb8 16. Nf3 Qc7 17. Ne2 Re8 18. Ng3 Rxe1+ 19. Bxe1 Nf6 20. Bd2 Qb8
21. Bg5 Nf4 22. Bxf4 Bxf4 23. Qf5 Bc1 24. b3 Qe8 25. Ne5 Qe6 26. Qxe6 fxe6 27.
Kf1 Bf4 28. f3 Bxe5 29. dxe5 Nd7 30. f4 a5 31. Ke2 Nb6 32. f5 Kf7 33. Ke3 c5
34. Kf4 a4 35. fxe6+ Kxe6 36. Nf5 g6 37. Nd6 axb3 38. axb3 Nd7 39. Nxb7 c4 40.
bxc4 dxc4 41. Ke4 Nxe5 42. Kd4 h5 43. h3 g5 44. Nc5+ Kf5 45. Ne4 Nc6+ 46. Ke3
Ne5 47. Kd4 Nc6+ 48. Ke3 1/2-1/2

[Event "FRA T0708W"]
[Site "France "]
[Date "2007.??.??"]
[Round "1.1"]
[White "Cosma, Elena Luminita"]
[Black "Bernardin, Daniele"]
[Result "1-0"]
[WhiteElo "2374"]
[BlackElo "1740"]
[PlyCount "79"]
[EventDate "2008.??.??"]
[EventType "team-swiss"]
[EventRounds "3"]
[EventCountry "FRA"]

1. d4 Nf6 2. Nf3 e6 3. g3 b6 4. Bg2 Bb7 5. O-O h6 6. c4 c5 7. Nc3 cxd4 8. Qxd4
Bc5 9. Qd3 O-O 10. Bf4 Nc6 11. Rad1 Re8 12. Qb1 Qe7 13. Nb5 e5 14. Nxe5 Nxe5
15. Bxb7 Rab8 16. Bg2 a6 17. Nc3 Rbd8 18. b4 Bd6 19. Nd5 Nxd5 20. Bxd5 Qf6 21.
a3 Bc7 22. Qb3 d6 23. Qc2 Kh8 24. Be3 Qe7 25. Bd4 Nd7 26. Qc3 f6 27. e4 Ne5 28.
f4 Nd7 29. Rfe1 Qf8 30. Qc2 Re7 31. Re2 Qe8 32. Rf1 Qg6 33. Rg2 Nf8 34. Qf2 Qe8
35. Bxb6 Bxb6 36. Qxb6 Rb8 37. Qxd6 Nd7 38. c5 Nf8 39. Bc6 Qd8 40. Rd2 1-0

[Event "FRA T0708W"]
[Site "France "]
[Date "2007.??.??"]
[Round "1.1"]
[White "Laporte, Martine"]
[Black "Rachez, Pascale"]
[Result "0-1"]
[WhiteElo "1530"]
[BlackElo "1925"]
[PlyCount "75"]
[EventDate "2008.??.??"]
[EventType "team-swiss"]
[EventRounds "3"]
[EventCountry "FRA"]

1. Nf3 Nf6 2. b3 g6 3. Bb2 Bg7 4. e4 d6 5. d3 O-O 6. Be2 c5 7. O-O Nc6 8. a3
Bd7 9. Nbd2 Rb8 10. Rb1 b5 11. c4 a6 12. Nh4 e5 13. Nhf3 Nh5 14. g3 Nf6 15. Nh4
Nd4 16. Bxd4 cxd4 17. f4 exf4 18. Rxf4 Bh6 19. Rf1 Be3+ 20. Kh1 Bh3 21. Ng2 Nd7
22. Bg4 Bxg4 23. Qxg4 Bxd2 24. Qe2 Bh6 25. Nf4 Bxf4 26. gxf4 bxc4 27. dxc4 Re8
28. Qf2 Rxe4 29. b4 Qf6 30. Rb3 Rbe8 31. Rf3 Qf5 32. Qg3 Re3 33. Qg5 Qe4 34.
Qg2 Re2 35. Qg3 d3 36. f5 Ne5 37. fxg6 hxg6 38. Qf4 0-1